| 000 | 00646cam a22002053a 4500 | ||
|---|---|---|---|
| 001 | 35556 | ||
| 003 | PGUSA | ||
| 005 | 20140828083751.0 | ||
| 008 | 110311s2011||||xxu|||||s|||||000 | eng d | ||
| 040 |
_aPGUSA _beng |
||
| 042 | _adc | ||
| 100 | 1 |
_aRoberts, B. H. _q(Brigham Henry), _d1857-1933 |
|
| 245 | 1 | 0 |
_aSuccession in the Presidency of The Church of Jesus Christ of Latter-day Saints _h[electronic resource] / _cB. H. Roberts |
| 260 |
_bProject Gutenberg, _c2011 |
||
| 506 | _aPublic domain in the USA. | ||
| 516 | _aElectronic text | ||
| 830 | 0 |
_aProject Gutenberg _v35556 |
|
| 856 | 4 | 0 | _uhttp://www.gutenberg.org/ebooks/35556 |
| 942 | _cEB | ||
| 999 |
_c264811 _d264811 |
||